00763cam a2200217 a 45000010009000000050017000090080041000260200021000670200024000880200021001120200024001330500024001570820015001811000020001962450063002162600032002793000027003116500024003388560091003628560092004531495225120260122104921.0070803s2008 cau b 001 0 eng d a1412947960qhbk. a9781412947961qhbk. a1412947979qpbk. a9781412947978qpbk.00aHF5415.2b.K59 200804a658.832221 aKolb, Bonita M.10aMarketing research :ba practical approach /cBonita Kolb. aLos Angeles :bSAGE,c2008. axiii, 292 p. ;c24 cm. 0aMarketing research.423Publisher descriptionuhttp://www.loc.gov/catdir/enhancements/fy0804/2007934524-d.html413Table of contents onlyuhttp://www.loc.gov/catdir/enhancements/fy0804/2007934524-t.html